Państwa Europy bez mapy - Statystyki

Ogólne statystyki
  • Ten quiz został rozwiązany 96 razy
  • Średni wynik to 43 z 46
Statystyki odpowiedzi
Hint Odpowiedź % Poprawnych
1. Polska
99%
40. Portugalia
97%
32. Belgia
96%
17. Estonia
96%
39. Hiszpania
96%
33. Holandia
96%
15. Litwa
96%
16. Łotwa
96%
14. Rosja
96%
35. San Marino
96%
31. Słowenia
96%
20. Szwecja
96%
6. Watykan
96%
7. Włochy
96%
13. Białoruś
95%
4. Czechy
95%
3. Francja
95%
2. Niemcy
95%
19. Norwegia
95%
11. Słowacja
95%
8. Szwajcaria
95%
12. Ukraina
95%
5. Dania
93%
18. Finlandia
93%
24. Serbia
93%
10. Węgry
93%
29. Albania
92%
36. Liechtenstein
92%
28. Macedonia
92%
38. Monako
92%
9. Austria
91%
22. Chorwacja
91%
25. Czarnogóra
91%
30. Grecja
91%
42 Irlandia
91%
34. Luksemburg
91%
37. Andora
89%
23. Bośnia
89%
44. Mołdawia
89%
41. Wielka Brytania
89%
27. Kosowo
88%
45. Malta
88%
21. Rumunia
88%
43. Islandia
87%
26. Bułgaria
85%
46. Turcja
72%
Nie znaleziono quizów pasujących do podanych kryteriów
Rozkład punktacji
Procent ludzi z każdym wynikiem
Percentyl według liczby udzielonych odpowiedzi
Twoja historia wyników
Nie rozwiązałeś tego quizu